|
|
|
|
| LEADER |
01918nam a2200493 i 4500 |
| 001 |
nkc20183045015 |
| 003 |
CZ PrNK |
| 005 |
20181115143044.0 |
| 007 |
ta |
| 008 |
181011s2018 xr a b 000 j cze |
| 015 |
|
|
|a cnb003045015
|
| 020 |
|
|
|a 978-80-7544-639-8
|q (vázáno) :
|c Kč 249,00
|
| 035 |
|
|
|a (OCoLC)1078648408
|
| 040 |
|
|
|a BOA001
|b cze
|d ABA001
|e rda
|
| 041 |
1 |
|
|a cze
|h eng
|
| 072 |
|
7 |
|a 821.111-3
|x Anglická próza, anglicky psaná
|2 Konspekt
|9 25
|
| 072 |
|
7 |
|a 821-93
|x Literatura pro děti a mládež (beletrie)
|2 Konspekt
|9 26
|
| 080 |
|
|
|a 821.111-32
|2 MRF
|
| 080 |
|
|
|a 821-93
|2 MRF
|
| 080 |
|
|
|a (0:82-322.9)
|2 MRF
|
| 100 |
1 |
|
|a Monstrata, Nessi
|7 kv2016914599
|4 aut
|
| 240 |
1 |
0 |
|a Lagoona Blue and the big sea scarecation.
|l Česky
|
| 245 |
1 |
0 |
|a Monster High deníčky.
|p Lagoona Blueová a zlovolená na moři /
|c Nessi Monstrata ; z anglického originálu Monster High diaries - Lagoona Blue and the big sea scarecation ... přeložila Zuzana Bičíková
|
| 246 |
3 |
0 |
|a Lagoona Blueová a zlovolená na moři
|
| 250 |
|
|
|a 1. vydání
|
| 264 |
|
1 |
|a V Praze :
|b CooBoo,
|c 2018
|
| 300 |
|
|
|a 128 stran, 27 nečíslovaných stran :
|b ilustrace ;
|c 21 cm
|
| 336 |
|
|
|a text
|b txt
|2 rdacontent
|
| 337 |
|
|
|a bez média
|b n
|2 rdamedia
|
| 338 |
|
|
|a svazek
|b nc
|2 rdacarrier
|
| 521 |
8 |
|
|a Pro čtenáře od 9 let
|
| 655 |
|
7 |
|a anglicky psané příběhy
|7 fd183173
|2 czenas
|
| 655 |
|
7 |
|a fantasy příběhy
|7 fd184198
|2 czenas
|
| 655 |
|
7 |
|a publikace pro děti
|7 fd133156
|2 czenas
|
| 655 |
|
9 |
|a stories in English
|2 eczenas
|
| 655 |
|
9 |
|a fantasy stories
|2 eczenas
|
| 655 |
|
9 |
|a children's literature
|2 eczenas
|
| 700 |
1 |
|
|a Bičíková, Zuzana
|7 kv2016900435
|4 trl
|
| 910 |
2 |
|
|a BOA001
|b 2-1412.953
|
| 928 |
9 |
|
|a Albatros Media - CooBoo
|
| 990 |
|
|
|a BK
|
| 995 |
|
|
|a 01
|
| 991 |
|
|
|b 201810
|c NOV
|
| 996 |
6 |
|
|b 2610759215
|c 2-1412.953
|l MZK
|r Sklad / do 1 hodiny
|n 0
|p p.v.
|w 001692470
|u 000010
|a 1
|e BOA001
|j MZK50
|s P
|